[Event "Team Championship (men rapid)"]
[Site "Sochi"]
[Date "2017.10.03"]
[Round "1.2"]
[White "Iljin, Timofey"]
[Black "Andreikin, Dmitry"]
[Result "0-1"]
[LiveChessVersion "1.4.8"]
[BlackElo "2742"]
[WhiteElo "2500"]

1. d4 {[%clk 0:15:19]} Nf6 {[%clk 0:15:15]} 2. c4 {[%clk 0:15:27]} e6
{[%clk 0:15:23]} 3. Nc3 {[%clk 0:15:36]} Bb4 {[%clk 0:15:28]} 4. e3
{[%clk 0:15:44]} O-O {[%clk 0:15:28]} 5. Bd3 {[%clk 0:15:52]} d5 {[%clk 0:15:14]}
6. Nf3 {[%clk 0:15:59]} b6 {[%clk 0:15:03]} 7. cxd5 {[%clk 0:15:45]} exd5
{[%clk 0:15:11]} 8. O-O {[%clk 0:15:53]} Bb7 {[%clk 0:15:17]} 9. Ne5
{[%clk 0:15:38]} Re8 {[%clk 0:14:14]} 10. Bd2 {[%clk 0:15:12]} Nbd7
{[%clk 0:13:36]} 11. f4 {[%clk 0:13:59]} a5 {[%clk 0:13:34]} 12. Rf3
{[%clk 0:13:22]} Ne4 {[%clk 0:12:47]} 13. Rh3 {[%clk 0:13:15]} Nxe5
{[%clk 0:10:46]} 14. fxe5 {[%clk 0:13:15]} Bxc3 {[%clk 0:10:53]} 15. Bxe4
{[%clk 0:11:18]} dxe4 {[%clk 0:11:01]} 16. Bxc3 {[%clk 0:11:20]} Re6
{[%clk 0:11:04]} 17. Be1 {[%clk 0:11:07]} Rg6 {[%clk 0:10:59]} 18. Rc1
{[%clk 0:10:22]} Bd5 {[%clk 0:10:53]} 19. a3 Qd7 {[%clk 0:10:50]} 20. Rg3
{[%clk 0:09:40]} Rf8 {[%clk 0:10:40]} 21. Rxg6 {[%clk 0:08:13]} fxg6
{[%clk 0:10:43]} 22. Bg3 {[%clk 0:08:20]} Qb5 {[%clk 0:09:51]} 23. Qc2
{[%clk 0:07:14]} c6 {[%clk 0:09:40]} 24. h3 {[%clk 0:06:45]} h6 {[%clk 0:09:36]}
25. Kh2 {[%clk 0:06:26]} g5 {[%clk 0:09:39]} 26. Qd2 {[%clk 0:03:51]} Qd3
{[%clk 0:09:23]} 27. Qxd3 {[%clk 0:03:30]} exd3 {[%clk 0:09:31]} 28. Rd1
{[%clk 0:03:39]} Be4 {[%clk 0:09:36]} 29. e6 {[%clk 0:03:31]} Rf6
{[%clk 0:09:28]} 30. Rd2 {[%clk 0:03:05]} Rxe6 {[%clk 0:08:24]} 31. Bc7
{[%clk 0:03:13]} a4 {[%clk 0:08:27]} 32. Bxb6 {[%clk 0:03:21]} Rf6
{[%clk 0:08:34]} 33. Kg1 {[%clk 0:03:21]} Kf7 {[%clk 0:07:56]} 34. Ba5
{[%clk 0:03:27]} h5 {[%clk 0:07:36]} 35. Rf2 {[%clk 0:03:20]} h4 {[%clk 0:07:45]}
36. Rxf6+ {[%clk 0:02:06]} gxf6 {[%clk 0:07:53]} 37. Kf2 {[%clk 0:02:13]} Kg6
{[%clk 0:07:46]} 38. g3 {[%clk 0:02:08]} Kh5 {[%clk 0:07:36]} 39. Bb4
{[%clk 0:00:57]} Bf5 {[%clk 0:05:18]} 40. g4+ {[%clk 0:00:31]} Bxg4
{[%clk 0:05:26]} 41. hxg4+ {[%clk 0:00:40]} Kxg4 {[%clk 0:05:34]} 42. e4
{[%clk 0:00:49]} Kf4 {[%clk 0:05:04]} 43. d5 {[%clk 0:00:46]} cxd5
{[%clk 0:05:09]} 44. exd5 {[%clk 0:00:54]} Ke5 {[%clk 0:05:14]} 45. d6
{[%clk 0:00:19]} Ke6 {[%clk 0:05:22]} 46. Kf3 {[%clk 0:00:13]} f5
{[%clk 0:05:07]} 47. Ke3 {[%clk 0:00:14]} h3 {[%clk 0:05:02]} 48. Kf3
{[%clk 0:00:15]} f4 {[%clk 0:04:28]} 49. Kf2 {[%clk 0:00:19]} g4 {[%clk 0:04:28]}
50. Bd2 {[%clk 0:00:12]} g3+ {[%clk 0:04:29]} 51. Kf3 {[%clk 0:00:11]} h2
{[%clk 0:04:37]} 52. Kg2 {[%clk 0:00:20]} f3+ {[%clk 0:04:46]} 0-1

[Event "Team Championship (men rapid)"]
[Site "Sochi"]
[Date "2017.10.03"]
[Round "1.3"]
[White "Riazantsev, Alexander"]
[Black "Papenin, Nikolai"]
[Result "1-0"]
[LiveChessVersion "1.4.8"]
[BlackElo "2353"]
[WhiteElo "2720"]

1. d4 {[%clk 0:15:18]} Nf6 {[%clk 0:15:19]} 2. c4 {[%clk 0:15:27]} c5
{[%clk 0:15:24]} 3. d5 b5 4. cxb5 {[%clk 0:15:45]} a6 {[%clk 0:15:43]} 5. bxa6
{[%clk 0:15:54]} g6 {[%clk 0:15:52]} 6. Nc3 {[%clk 0:16:03]} Bg7 {[%clk 0:15:37]}
7. e4 {[%clk 0:16:11]} O-O {[%clk 0:15:45]} 8. Be2 {[%clk 0:15:02]} Qa5
{[%clk 0:15:42]} 9. Bd2 {[%clk 0:15:11]} Bxa6 {[%clk 0:15:46]} 10. e5
{[%clk 0:15:18]} Ne8 {[%clk 0:15:54]} 11. Nf3 {[%clk 0:15:12]} d6
{[%clk 0:16:00]} 12. e6 {[%clk 0:15:12]} Bxe2 {[%clk 0:14:41]} 13. Qxe2
{[%clk 0:14:58]} Qa6 {[%clk 0:14:50]} 14. exf7+ {[%clk 0:09:23]} Rxf7
{[%clk 0:14:58]} 15. Ng5 {[%clk 0:09:32]} Qxe2+ {[%clk 0:15:05]} 16. Kxe2
{[%clk 0:09:41]} Rf5 {[%clk 0:15:14]} 17. g4 {[%clk 0:09:39]} Bxc3
{[%clk 0:15:20]} 18. gxf5 {[%clk 0:09:05]} Bxb2 19. Rab1 Rxa2 {[%clk 0:15:32]}
20. fxg6 {[%clk 0:08:54]} hxg6 {[%clk 0:15:40]} 21. Ne4 {[%clk 0:07:48]} Nd7
{[%clk 0:10:14]} 22. Rhg1 {[%clk 0:07:57]} Nef6 {[%clk 0:08:33]} 23. Nxf6+
{[%clk 0:06:39]} Nxf6 {[%clk 0:08:42]} 24. Rxg6+ {[%clk 0:06:47]} Kf7
{[%clk 0:08:49]} 25. Rg3 {[%clk 0:06:56]} Ne4 {[%clk 0:07:13]} 26. Rg4
{[%clk 0:06:22]} Nxd2 {[%clk 0:05:04]} 27. Kxd2 {[%clk 0:06:31]} Bd4+
{[%clk 0:05:12]} 28. Kd3 {[%clk 0:06:08]} Rxf2 {[%clk 0:05:16]} 29. h4
{[%clk 0:06:17]} Rh2 {[%clk 0:04:16]} 30. Rf1+ {[%clk 0:05:38]} Bf6
{[%clk 0:04:24]} 31. Rff4 {[%clk 0:05:41]} Rh1 {[%clk 0:04:26]} 32. Kc4
{[%clk 0:05:28]} Rh2 {[%clk 0:02:23]} 33. Kb5 {[%clk 0:05:28]} Rh1
{[%clk 0:02:27]} 34. Kc6 {[%clk 0:05:36]} Rh2 {[%clk 0:02:05]} 35. Rf5
{[%clk 0:05:34]} Rh1 {[%clk 0:01:13]} 36. Kd7 {[%clk 0:04:40]} Rh2
{[%clk 0:00:55]} 37. h5 {[%clk 0:04:46]} Rh1 {[%clk 0:01:00]} 38. Re4
{[%clk 0:04:06]} Kg7 {[%clk 0:00:24]} 39. Rxe7+ {[%clk 0:04:14]} Bxe7
{[%clk 0:00:29]} 40. Kxe7 {[%clk 0:04:23]} c4 41. Rf4 Rxh5 {[%clk 0:00:17]} 42.
Kxd6 {[%clk 0:04:42]} c3 {[%clk 0:00:18]} 43. Rc4 {[%clk 0:04:50]} Rh3
{[%clk 0:00:20]} 44. Kc7 {[%clk 0:04:48]} Kf6 {[%clk 0:00:15]} 45. d6
{[%clk 0:04:57]} Ke6 {[%clk 0:00:14]} 46. d7 {[%clk 0:05:00]} Rh7
{[%clk 0:00:17]} 47. Rc6+ {[%clk 0:05:09]} Kd5 {[%clk 0:00:03]} 1-0

[Event "Team Championship (men rapid)"]
[Site "Sochi"]
[Date "2017.10.03"]
[Round "1.4"]
[White "Derjabin, Ilja"]
[Black "Rublevsky, Sergei"]
[Result "0-1"]
[LiveChessVersion "1.4.8"]
[BlackElo "2646"]
[WhiteElo "2334"]

1. d4 {[%clk 0:14:31]} d5 {[%clk 0:15:18]} 2. Nc3 {[%clk 0:14:24]} Nf6
{[%clk 0:15:25]} 3. Bg5 {[%clk 0:14:31]} Nbd7 {[%clk 0:15:12]} 4. Nf3
{[%clk 0:13:49]} h6 {[%clk 0:13:27]} 5. Bh4 {[%clk 0:13:45]} e6 {[%clk 0:13:20]}
6. Qd3 {[%clk 0:11:01]} c5 {[%clk 0:13:12]} 7. O-O-O {[%clk 0:10:06]} c4
{[%clk 0:12:57]} 8. Qe3 {[%clk 0:09:16]} Be7 {[%clk 0:12:09]} 9. h3
{[%clk 0:08:58]} b5 {[%clk 0:10:55]} 10. g4 {[%clk 0:08:24]} b4 {[%clk 0:10:04]}
11. Nb1 {[%clk 0:08:22]} Qa5 {[%clk 0:10:00]} 12. Ne5 {[%clk 0:07:30]} Nxe5
{[%clk 0:09:05]} 13. Qxe5 {[%clk 0:05:32]} Qxa2 {[%clk 0:08:59]} 14. c3
{[%clk 0:01:53]} Bd7 {[%clk 0:07:20]} 15. Bg2 {[%clk 0:01:47]} bxc3
{[%clk 0:05:54]} 16. Nxc3 {[%clk 0:01:52]} Qa1+ {[%clk 0:06:01]} 17. Kc2
{[%clk 0:01:46]} Ba4+ {[%clk 0:06:09]} 18. Nxa4 {[%clk 0:01:49]} Qxa4+
{[%clk 0:06:18]} 19. Kb1 {[%clk 0:01:54]} O-O {[%clk 0:06:20]} 20. g5
{[%clk 0:01:57]} Nd7 {[%clk 0:06:05]} 21. Qe3 {[%clk 0:00:58]} hxg5
{[%clk 0:06:02]} 22. Bg3 {[%clk 0:01:00]} Bb4 {[%clk 0:05:25]} 23. h4
{[%clk 0:00:37]} c3 {[%clk 0:05:10]} 24. Rd3 {[%clk 0:00:23]} Rfc8
{[%clk 0:04:38]} 25. Rxc3 {[%clk 0:00:12]} Bxc3 {[%clk 0:04:02]} 0-1

[Event "Team Championship (men rapid)"]
[Site "Sochi"]
[Date "2017.10.03"]
[Round "1.5"]
[White "Triapishko, Alexandr"]
[Black "Sjugirov, Sanan"]
[Result "1/2-1/2"]
[LiveChessVersion "1.4.8"]
[BlackElo "2765"]
[WhiteElo "2454"]

1. e4 {[%clk 0:15:18]} c6 {[%clk 0:15:13]} 2. d3 {[%clk 0:15:26]} d5
{[%clk 0:15:20]} 3. Nd2 {[%clk 0:15:24]} e5 {[%clk 0:15:27]} 4. Ngf3
{[%clk 0:15:42]} Bd6 {[%clk 0:15:33]} 5. d4 {[%clk 0:15:50]} exd4
{[%clk 0:15:36]} 6. exd5 {[%clk 0:15:57]} Nf6 {[%clk 0:15:43]} 7. Nxd4
{[%clk 0:15:30]} Nxd5 {[%clk 0:14:45]} 8. Ne4 {[%clk 0:15:36]} O-O
{[%clk 0:13:52]} 9. Nxd6 {[%clk 0:14:57]} Qxd6 {[%clk 0:14:00]} 10. Be2
{[%clk 0:14:25]} Nf4 {[%clk 0:13:57]} 11. Bxf4 {[%clk 0:12:30]} Qxf4
{[%clk 0:14:05]} 12. c3 {[%clk 0:11:13]} Nd7 {[%clk 0:11:20]} 13. O-O
{[%clk 0:10:12]} Nf6 {[%clk 0:11:14]} 14. Qc1 {[%clk 0:09:23]} Qc7
{[%clk 0:09:48]} 15. Re1 {[%clk 0:09:18]} Bd7 {[%clk 0:09:49]} 16. Bf3
{[%clk 0:06:57]} Rae8 {[%clk 0:09:11]} 17. Qd2 {[%clk 0:06:28]} c5
{[%clk 0:08:59]} 18. Ne2 {[%clk 0:06:04]} Bc6 {[%clk 0:08:14]} 19. Bxc6
{[%clk 0:06:01]} Qxc6 {[%clk 0:08:22]} 20. Ng3 {[%clk 0:05:20]} Rd8
{[%clk 0:05:15]} 21. Qf4 {[%clk 0:05:20]} Qd6 {[%clk 0:04:40]} 22. Qf3
{[%clk 0:04:50]} Qd5 {[%clk 0:04:44]} 23. Qxd5 {[%clk 0:04:16]} Rxd5
{[%clk 0:04:52]} 24. Rad1 {[%clk 0:04:13]} Rfd8 {[%clk 0:04:51]} 25. Rxd5
{[%clk 0:04:19]} Rxd5 {[%clk 0:04:59]} 26. f3 {[%clk 0:03:50]} Kf8
{[%clk 0:04:48]} 27. Kf2 {[%clk 0:03:41]} Nd7 {[%clk 0:04:31]} 28. c4
{[%clk 0:03:00]} Rd2+ {[%clk 0:03:56]} 29. Re2 {[%clk 0:03:04]} Rd1
{[%clk 0:03:59]} 30. b3 {[%clk 0:03:01]} Nf6 {[%clk 0:03:01]} 31. Nf5
{[%clk 0:02:57]} g6 {[%clk 0:03:01]} 32. Ne3 {[%clk 0:03:04]} Rd3
{[%clk 0:02:56]} 33. g4 {[%clk 0:02:28]} h6 {[%clk 0:02:52]} 34. h4
{[%clk 0:02:14]} Rd4 {[%clk 0:02:30]} 35. Nc2 {[%clk 0:02:15]} Rd1
{[%clk 0:02:03]} 36. Ne3 {[%clk 0:02:00]} Rd4 {[%clk 0:02:00]} 37. Nc2
{[%clk 0:02:08]} Rd6 {[%clk 0:02:05]} 38. Ne3 {[%clk 0:02:11]} Rd4
{[%clk 0:01:53]} 39. Nc2 {[%clk 0:02:20]} 1/2-1/2

[Event "Team Championship (men rapid)"]
[Site "Sochi"]
[Date "2017.10.03"]
[Round "1.6"]
[White "Kovalev, Vladislav"]
[Black "Linker, Mikhail"]
[Result "1-0"]
[LiveChessVersion "1.4.8"]
[BlackElo "2330"]
[WhiteElo "2615"]

1. e4 {[%clk 0:15:18]} c5 {[%clk 0:15:17]} 2. Be2 {[%clk 0:15:27]} Nc6
{[%clk 0:15:07]} 3. f4 {[%clk 0:15:34]} g6 {[%clk 0:15:13]} 4. Nf3
{[%clk 0:15:43]} Bg7 {[%clk 0:15:22]} 5. O-O {[%clk 0:15:51]} d6 {[%clk 0:14:06]}
6. d3 {[%clk 0:15:59]} Nf6 {[%clk 0:13:31]} 7. c3 {[%clk 0:16:06]} O-O
{[%clk 0:13:39]} 8. Kh1 {[%clk 0:16:15]} b5 {[%clk 0:12:40]} 9. a3
{[%clk 0:16:24]} a5 {[%clk 0:12:34]} 10. Be3 {[%clk 0:16:31]} Ba6
{[%clk 0:11:59]} 11. Nbd2 {[%clk 0:15:59]} e6 {[%clk 0:08:07]} 12. d4
{[%clk 0:15:36]} cxd4 {[%clk 0:08:10]} 13. cxd4 {[%clk 0:15:45]} d5
{[%clk 0:07:57]} 14. e5 {[%clk 0:15:50]} Nd7 {[%clk 0:07:39]} 15. Rc1
{[%clk 0:14:42]} Qb6 {[%clk 0:07:40]} 16. g4 {[%clk 0:13:44]} Rfc8
{[%clk 0:06:48]} 17. Qe1 {[%clk 0:13:18]} Ne7 {[%clk 0:04:36]} 18. Qh4
{[%clk 0:13:13]} Qd8 {[%clk 0:04:45]} 19. f5 {[%clk 0:13:04]} Rxc1
{[%clk 0:02:17]} 20. Rxc1 {[%clk 0:13:12]} gxf5 {[%clk 0:01:05]} 21. Bg5
{[%clk 0:13:09]} f6 {[%clk 0:01:12]} 22. exf6 {[%clk 0:12:23]} Ng6
{[%clk 0:01:22]} 23. f7+ {[%clk 0:12:03]} Kxf7 {[%clk 0:01:31]} 24. Bxd8
{[%clk 0:12:11]} Nxh4 {[%clk 0:01:40]} 25. Bxh4 {[%clk 0:12:18]} fxg4
{[%clk 0:00:41]} 26. Ng5+ {[%clk 0:12:26]} Kg8 {[%clk 0:00:26]} 27. Nxe6
{[%clk 0:12:27]} Bh6 {[%clk 0:00:28]} 28. Rc7 {[%clk 0:12:04]} Bxd2
{[%clk 0:00:27]} 29. Rxd7 {[%clk 0:12:08]} 1-0

[Event "Team Championship (men rapid)"]
[Site "Sochi"]
[Date "2017.10.03"]
[Round "1.7"]
[White "Jary, Sergey"]
[Black "Predke, Alexandr"]
[Result "1-0"]
[LiveChessVersion "1.4.8"]
[BlackElo "2607"]
[WhiteElo "2343"]

1. Nf3 {[%clk 0:15:19]} Nf6 {[%clk 0:15:16]} 2. g3 {[%clk 0:15:25]} b6
{[%clk 0:15:23]} 3. Bg2 {[%clk 0:15:33]} Bb7 {[%clk 0:15:32]} 4. O-O
{[%clk 0:15:35]} e6 {[%clk 0:15:19]} 5. c4 {[%clk 0:15:26]} c5 {[%clk 0:15:19]}
6. d3 {[%clk 0:15:26]} Be7 {[%clk 0:14:43]} 7. e4 {[%clk 0:15:29]} d6
{[%clk 0:14:48]} 8. Nc3 {[%clk 0:15:26]} Nbd7 {[%clk 0:14:11]} 9. h3
{[%clk 0:14:32]} O-O {[%clk 0:14:11]} 10. Nh2 {[%clk 0:14:21]} Qc7
{[%clk 0:12:02]} 11. f4 {[%clk 0:14:21]} Rfe8 {[%clk 0:11:27]} 12. g4
{[%clk 0:14:01]} h6 {[%clk 0:08:01]} 13. h4 {[%clk 0:13:08]} Kh8 {[%clk 0:06:41]}
14. g5 {[%clk 0:12:49]} Ng8 {[%clk 0:06:49]} 15. Qh5 {[%clk 0:11:57]} f5
{[%clk 0:05:27]} 16. Bd2 {[%clk 0:11:30]} Nf8 {[%clk 0:05:04]} 17. Rae1
{[%clk 0:11:04]} Qd7 {[%clk 0:02:03]} 18. exf5 {[%clk 0:09:59]} Bxg2
{[%clk 0:02:12]} 19. Kxg2 {[%clk 0:10:08]} exf5 {[%clk 0:02:21]} 20. Qf7
{[%clk 0:10:03]} Rec8 {[%clk 0:00:33]} 21. Nd5 {[%clk 0:09:45]} Bd8
{[%clk 0:00:19]} 22. Qxd7 {[%clk 0:09:51]} Nxd7 {[%clk 0:00:28]} 23. Re6
{[%clk 0:09:01]} Bc7 {[%clk 0:00:20]} 24. Rfe1 {[%clk 0:08:50]} Nf8
{[%clk 0:00:27]} 25. R6e2 {[%clk 0:08:51]} h5 {[%clk 0:00:35]} 26. Bc3
{[%clk 0:08:57]} Ng6 {[%clk 0:00:26]} 27. Kg3 {[%clk 0:08:57]} Kh7
{[%clk 0:00:20]} 28. Nf1 {[%clk 0:08:42]} Rab8 {[%clk 0:00:20]} 29. a4
{[%clk 0:08:47]} a6 {[%clk 0:00:21]} 30. Re6 {[%clk 0:08:47]} Nf8
{[%clk 0:00:22]} 31. Nxc7 {[%clk 0:08:40]} Rxc7 {[%clk 0:00:27]} 32. Rxd6
{[%clk 0:08:45]} Ne7 {[%clk 0:00:29]} 33. Ne3 {[%clk 0:08:44]} Nc8
{[%clk 0:00:13]} 34. Rd8 {[%clk 0:08:22]} Ne6 {[%clk 0:00:13]} 35. Nd5
{[%clk 0:08:29]} Nxd8 {[%clk 0:00:19]} 36. Nxc7 {[%clk 0:08:38]} Rb7
{[%clk 0:00:23]} 37. Re8 {[%clk 0:08:29]} Rxc7 {[%clk 0:00:23]} 38. Rxd8
{[%clk 0:08:38]} Ne7 {[%clk 0:00:26]} 39. Be5 {[%clk 0:08:36]} Rb7
{[%clk 0:00:30]} 40. Rd6 {[%clk 0:08:15]} Ng6 {[%clk 0:00:23]} 41. d4
{[%clk 0:07:50]} cxd4 {[%clk 0:00:26]} 42. Bxd4 {[%clk 0:07:59]} Re7
{[%clk 0:00:15]} 43. Rxb6 {[%clk 0:06:55]} Re4 {[%clk 0:00:24]} 44. Be5
{[%clk 0:06:54]} a5 {[%clk 0:00:16]} 45. b3 {[%clk 0:06:48]} Nxe5
{[%clk 0:00:14]} 46. fxe5 {[%clk 0:06:57]} Rg4+ {[%clk 0:00:21]} 47. Kf3
{[%clk 0:06:57]} Rxh4 {[%clk 0:00:28]} 48. Rb5 {[%clk 0:06:38]} Re4
{[%clk 0:00:34]} 49. Rxa5 {[%clk 0:06:42]} h4 {[%clk 0:00:43]} 50. Ra8
{[%clk 0:06:40]} Kg6 {[%clk 0:00:35]} 51. a5 {[%clk 0:06:47]} Rxe5
{[%clk 0:00:14]} 52. a6 {[%clk 0:06:56]} Ra5 {[%clk 0:00:14]} 53. b4
{[%clk 0:07:03]} Ra3+ {[%clk 0:00:21]} 54. Kf4 {[%clk 0:07:09]} Ra4
{[%clk 0:00:26]} 55. a7 {[%clk 0:07:13]} h3 {[%clk 0:00:31]} 56. Ke5
{[%clk 0:07:15]} Kh7 {[%clk 0:00:27]} 57. g6+ {[%clk 0:07:24]} Kxg6
{[%clk 0:00:36]} 58. Rh8 {[%clk 0:07:33]} Rxa7 {[%clk 0:00:43]} 59. b5
{[%clk 0:07:39]} Ra3 {[%clk 0:00:46]} 60. c5 {[%clk 0:07:43]} Re3+
{[%clk 0:00:52]} 61. Kd4 {[%clk 0:07:47]} f4 {[%clk 0:00:36]} 62. c6
{[%clk 0:07:54]} Re1 {[%clk 0:00:13]} 63. c7 {[%clk 0:07:56]} Rc1
{[%clk 0:00:22]} 64. c8=Q {[%clk 0:08:01]} 1-0

[Event "Team Championship (men rapid)"]
[Site "Sochi"]
[Date "2017.10.03"]
[Round "1.8"]
[White "Yuffa, Daniil"]
[Black "Chos, Alexey"]
[Result "1-0"]
[LiveChessVersion "1.4.8"]
[BlackElo "2290"]
[WhiteElo "2572"]

1. d4 {[%clk 0:15:17]} d5 {[%clk 0:15:18]} 2. c4 {[%clk 0:15:24]} c6
{[%clk 0:15:27]} 3. Nc3 {[%clk 0:15:32]} Nf6 {[%clk 0:15:36]} 4. Nf3
{[%clk 0:15:40]} e6 {[%clk 0:15:42]} 5. e3 {[%clk 0:15:46]} Nbd7 {[%clk 0:15:50]}
6. Qc2 {[%clk 0:15:53]} Be7 {[%clk 0:15:49]} 7. Bd3 {[%clk 0:15:19]} O-O
{[%clk 0:15:47]} 8. O-O {[%clk 0:15:26]} dxc4 {[%clk 0:15:33]} 9. Bxc4
{[%clk 0:15:34]} b5 {[%clk 0:14:26]} 10. Bd3 {[%clk 0:15:33]} Bb7
{[%clk 0:14:26]} 11. e4 {[%clk 0:14:59]} b4 {[%clk 0:14:12]} 12. Ne2
{[%clk 0:13:20]} g6 {[%clk 0:14:13]} 13. e5 {[%clk 0:11:52]} Nd5 {[%clk 0:14:11]}
14. Bh6 {[%clk 0:12:00]} Re8 {[%clk 0:14:11]} 15. Rad1 {[%clk 0:11:16]} a5
{[%clk 0:12:14]} 16. Rfe1 {[%clk 0:09:08]} a4 {[%clk 0:12:13]} 17. Nf4
{[%clk 0:06:06]} Nxf4 {[%clk 0:12:15]} 18. Bxf4 {[%clk 0:06:14]} Qb6
{[%clk 0:11:37]} 19. Ng5 {[%clk 0:05:44]} b3 {[%clk 0:11:31]} 20. axb3
{[%clk 0:05:43]} axb3 {[%clk 0:11:04]} 21. Qe2 {[%clk 0:05:34]} Ba6
{[%clk 0:11:10]} 22. Qg4 {[%clk 0:04:28]} Bxd3 {[%clk 0:09:45]} 23. Rxd3
{[%clk 0:04:36]} Nf8 {[%clk 0:09:29]} 24. Ne4 {[%clk 0:04:27]} Ra4
{[%clk 0:04:47]} 25. Bg5 {[%clk 0:03:47]} Nd7 {[%clk 0:02:34]} 26. Bxe7
{[%clk 0:02:48]} Rxe7 {[%clk 0:02:40]} 27. Qh4 {[%clk 0:02:51]} Qb4
{[%clk 0:02:45]} 28. Rf1 {[%clk 0:01:28]} Re8 {[%clk 0:01:58]} 29. h3
{[%clk 0:00:17]} Ra2 {[%clk 0:01:16]} 30. Rfd1 {[%clk 0:00:17]} Rxb2
{[%clk 0:01:16]} 31. d5 {[%clk 0:00:25]} Qe7 {[%clk 0:00:53]} 32. Nf6+
{[%clk 0:00:25]} Nxf6 {[%clk 0:00:51]} 33. exf6 {[%clk 0:00:33]} Qf8
{[%clk 0:00:42]} 34. dxe6 {[%clk 0:00:31]} Rxe6 35. Rd8 Re8 36. Rxe8 Qxe8 37. Qh6
1-0

[Event "Team Championship (men rapid)"]
[Site "Sochi"]
[Date "2017.10.03"]
[Round "1.9"]
[White "Motylev, Alexander"]
[Black "Kezin, Roman"]
[Result "1-0"]
[LiveChessVersion "1.4.8"]
[BlackElo "2491"]
[WhiteElo "2655"]

1. e4 {[%clk 0:15:18]} c5 {[%clk 0:15:17]} 2. Nf3 {[%clk 0:15:25]} e6
{[%clk 0:15:25]} 3. d4 {[%clk 0:15:33]} cxd4 {[%clk 0:15:33]} 4. Nxd4
{[%clk 0:15:41]} Nc6 {[%clk 0:15:41]} 5. Nc3 {[%clk 0:15:49]} Qc7
{[%clk 0:15:49]} 6. a3 {[%clk 0:15:53]} a6 {[%clk 0:15:55]} 7. Be3
{[%clk 0:16:00]} b5 {[%clk 0:16:02]} 8. Nxc6 {[%clk 0:16:06]} Qxc6
{[%clk 0:16:08]} 9. Be2 {[%clk 0:16:13]} Bb7 {[%clk 0:16:15]} 10. O-O
{[%clk 0:16:20]} d6 {[%clk 0:13:53]} 11. f3 {[%clk 0:14:42]} Nf6 {[%clk 0:13:50]}
12. Qd2 {[%clk 0:14:20]} Be7 {[%clk 0:13:52]} 13. a4 {[%clk 0:14:02]} bxa4
{[%clk 0:10:23]} 14. Rxa4 {[%clk 0:14:09]} O-O {[%clk 0:10:03]} 15. Rfa1
{[%clk 0:13:29]} Rfc8 {[%clk 0:09:22]} 16. Bd3 {[%clk 0:12:11]} Bd8
{[%clk 0:05:31]} 17. Qf2 {[%clk 0:10:36]} Nd7 {[%clk 0:03:29]} 18. Bf1
{[%clk 0:04:17]} Nc5 {[%clk 0:00:58]} 19. R4a3 {[%clk 0:04:01]} Bb6
{[%clk 0:00:35]} 20. Ne2 {[%clk 0:02:51]} Nd7 {[%clk 0:00:19]} 21. Bxb6
{[%clk 0:02:20]} Nxb6 {[%clk 0:00:19]} 22. Rc3 {[%clk 0:02:28]} 1-0

[Event "Team Championship (men rapid)"]
[Site "Sochi"]
[Date "2017.10.03"]
[Round "1.10"]
[White "Antonenko, Vladimir"]
[Black "Grachev, Boris"]
[Result "0-1"]
[LiveChessVersion "1.4.8"]
[BlackElo "2651"]
[WhiteElo "2405"]

1. d4 {[%clk 0:15:17]} Nf6 {[%clk 0:15:11]} 2. c4 {[%clk 0:15:26]} e6
{[%clk 0:15:20]} 3. Nf3 {[%clk 0:15:34]} d5 {[%clk 0:15:28]} 4. g3
{[%clk 0:15:43]} dxc4 {[%clk 0:15:33]} 5. Bg2 {[%clk 0:15:52]} Bd7
{[%clk 0:15:41]} 6. Ne5 {[%clk 0:15:35]} Bc6 {[%clk 0:15:47]} 7. Nxc6
{[%clk 0:14:09]} Nxc6 {[%clk 0:15:54]} 8. Qa4 {[%clk 0:11:46]} Qd7
{[%clk 0:15:51]} 9. Qxc4 {[%clk 0:10:22]} Nxd4 {[%clk 0:15:09]} 10. Bxb7
{[%clk 0:09:02]} Rb8 {[%clk 0:15:02]} 11. Bg2 {[%clk 0:09:02]} Bb4+
{[%clk 0:15:01]} 12. Kf1 {[%clk 0:02:39]} O-O {[%clk 0:14:09]} 13. e3
{[%clk 0:02:06]} Nf5 {[%clk 0:11:43]} 14. Bc6 {[%clk 0:02:13]} Qd6
{[%clk 0:09:26]} 15. a3 {[%clk 0:02:21]} Bc5 {[%clk 0:08:28]} 16. Bf3
{[%clk 0:02:30]} Nd7 {[%clk 0:05:36]} 17. b4 {[%clk 0:00:18]} Bb6
{[%clk 0:04:35]} 18. Qc2 {[%clk 0:00:23]} c5 {[%clk 0:03:55]} 19. bxc5
{[%clk 0:00:15]} Bxc5 {[%clk 0:03:52]} 20. Nc3 {[%clk 0:00:20]} Rfc8
{[%clk 0:03:53]} 21. Ne4 {[%clk 0:00:13]} Qe5 {[%clk 0:03:36]} 22. Qa2
{[%clk 0:00:17]} Be7 {[%clk 0:01:50]} 23. Kg2 {[%clk 0:00:26]} g5
{[%clk 0:01:15]} 24. h3 {[%clk 0:00:28]} h5 {[%clk 0:01:24]} 25. Kh2
{[%clk 0:00:17]} Nh4 {[%clk 0:01:18]} 26. Nd2 {[%clk 0:00:17]} Rxc1
{[%clk 0:00:50]} 27. Rhxc1 {[%clk 0:00:13]} Rb2 {[%clk 0:00:55]} 28. Rc8+
{[%clk 0:00:12]} Kg7 {[%clk 0:00:59]} 0-1